|
|
|
|
| LEADER |
02216nam a2200313 a 4500 |
| 001 |
16118221 |
| 008 |
111227s2010 dcuab b i001 0 eng |
| 010 |
|
|
|a 2010008390
|
| 020 |
|
|
|a 9780821383803
|
| 020 |
|
|
|a 0821383809
|
| 020 |
|
|
|a 9780821383834 (electronic)
|
| 020 |
|
|
|a 0821383833 (electronic)
|
| 040 |
|
|
|a DLC
|c DLC
|d YDX
|d CDX
|d YDXCP
|d BWX
|d DLC
|d BD-DhAAL
|
| 043 |
|
|
|a f------
|
| 050 |
0 |
0 |
|a HN774
|b .D46 2010
|
| 082 |
0 |
0 |
|a 320.6096
|2 22
|
| 245 |
0 |
0 |
|a Demanding good governance :
|b lessons from social accountability initiatives in Africa /
|c Mary McNeil and Carmen Malena, editors.
|
| 260 |
|
|
|a Washington, D.C. :
|b World Bank,
|c c2010.
|
| 300 |
|
|
|a xxv, 236 p. :
|b ill., map ;
|c 23 cm.
|
| 504 |
|
|
|a Includes bibliographical references and index.
|
| 541 |
|
|
|e 00024149
|
| 505 |
0 |
|
|a Social accountability in Africa : an introduction / Carmen Malena and Mary McNeil -- Participatory budgeting in Fissel, Senegal / Bara Gueye -- Civic participation in policy and budgetary processes in Ilala municipal council, Tanzania / Renatus Kihongo and John Lubuva -- Tracking the Ghana district assemblies common fund / Charles Abbey, Vitus Azeen, and Cuthbert Baba Kuupiel -- Enhancing civil society capacity for advocacy and monitoring : Malawi's poverty reduction strategy budget / Dalitso Kingsley Kubalasa and Limbani Bartholomew Elia Nsapato -- Gender-sensitive and child-friendly budgeting in Zimbabwe / Bob Libert Muchabaiwa -- The Nigeria extractive industries transparency initiative and publish what you pay in Nigeria / Dauda S. Garuba and John G. Ikubaje -- Citizen control of public action : the social watch network in Benin / Cyrille Chabi Eteka and Anne Floquet -- Social accountability in Africa : an analysis / Mary McNeil and Carmen Malena.
|
| 650 |
|
0 |
|a Social accounting
|z Africa
|v Case studies.
|
| 700 |
1 |
|
|a McNeil, Mary,
|d 1956-
|
| 700 |
1 |
|
|a Malena, Carmen.
|
| 710 |
2 |
|
|a World Bank.
|
| 852 |
1 |
|
|a Ayesha Abed Library
|c General shelf.
|
| 999 |
|
|
|c 11687
|d 11687
|
| 952 |
|
|
|0 0
|1 0
|2 ddc
|4 0
|6 320_609600000000000_DEM
|7 0
|9 19002
|a BRACUL
|b BRACUL
|c GEN
|d 2011-12-27
|e Micro Industries Development Assistance and Services (MIDAS)
|g 2000.00
|l 0
|o 320.6096 DEM
|p 3010024149
|r 2011-12-28
|t 1
|w 2011-12-28
|y BK
|x 25.00 (USD)
|